Score 0/20 Timer 05:00
4 Plays Today
% Correct
The Big Bang Theory
97.7%
Game of Thrones
95.1%
Lost
93.4%
The Office
92.6%
Wheel of Fortune
92.3%
Hell's Kitchen
88.1%
Stranger Things
86.3%
Jeopardy!
83.7%
Orange Is the New Black
83.6%
The Sopranos
83.1%
% Correct
The Bachelor
81.4%
Sons of Anarchy
80.3%
I Love Lucy
79.5%
Dexter
79.5%
The Handmaid's Tale
78%
Arrested Development
73.9%
Law & Order: Special Victims Unit
73.4%
Breaking Bad
72.8%
Hawaii Five-0
51.5%
Atlanta
49.7%

You're not logged in!

Compare scores with friends on all Sporcle quizzes.
OR
Log In

Sporcle TV

Today on Sporcle TV


Watch our educational content, quiz creation guides, and fun videos on Sporcle TV.

Show Comments

Extras

Top Quizzes Today


Score Distribution

Paid Content

Your Account Isn't Verified!

In order to create a playlist on Sporcle, you need to verify the email address you used during registration. Go to your Sporcle Settings to finish the process.

Report this User

Report this user for behavior that violates our Community Guidelines.

Details: